| 000 | 01271nam a22003254a 4500 | ||
|---|---|---|---|
| 001 | ebr10315460 | ||
| 003 | CaPaEBR | ||
| 006 | m u | ||
| 007 | cr cn||||||||| | ||
| 008 | 030408s2003 caua sb 001 0 eng | ||
| 010 | _z 2003048184 | ||
| 020 | _z157675250X | ||
| 040 |
_aCaPaEBR _cCaPaEBR |
||
| 035 | _a(OCoLC)243593389 | ||
| 050 | 1 | 4 |
_aHF5549.5.J63 _bK39 2003eb |
| 082 | 0 | 4 |
_a650.1 _221 |
| 100 | 1 | _aKaye, Beverly L. | |
| 245 | 1 | 0 |
_aLove it, don't leave it _h[electronic resource] : _b26 ways to get what you want at work / _cBeverly Kaye and Sharon Jordan-Evans. |
| 260 |
_aSan Francisco : _bBerrett-Koehler, _cc2003. |
||
| 300 |
_axvi, 194 p. : _bill. |
||
| 504 | _aIncludes bibliographical references (p. 193-194) and index. | ||
| 533 |
_aElectronic reproduction. _bPalo Alto, Calif. : _cebrary, _d2013. _nAvailable via World Wide Web. _nAccess may be limited to ebrary affiliated libraries. |
||
| 650 | 0 | _aJob satisfaction. | |
| 650 | 0 | _aCareer development. | |
| 650 | 0 | _aQuality of work life. | |
| 655 | 7 |
_aElectronic books. _2local |
|
| 700 | 1 |
_aJordan-Evans, Sharon, _d1946- |
|
| 710 | 2 | _aebrary, Inc. | |
| 856 | 4 | 0 |
_uhttp://site.ebrary.com/lib/rucke/Doc?id=10315460 _zAn electronic book accessible through the World Wide Web; click to view |
| 999 |
_c57133 _d57133 |
||